<?xml version="1.0" encoding="UTF-8"?>
<record
    xmlns:xsi="http://www.w3.org/2001/XMLSchema-instance"
    xsi:schemaLocation="http://www.loc.gov/MARC21/slim http://www.loc.gov/standards/marcxml/schema/MARC21slim.xsd"
    xmlns="http://www.loc.gov/MARC21/slim">

  <leader>01516nam a22002657a 4500</leader>
  <controlfield tag="008">170705s2016        ag||||| |||| 00| 0 spa d</controlfield>
  <datafield tag="082" ind1="0" ind2="4">
    <subfield code="a">707</subfield>
    <subfield code="b">M921s</subfield>
  </datafield>
  <datafield tag="100" ind1="1" ind2=" ">
    <subfield code="a">Motta, Carlos.</subfield>
    <subfield code="9">5849</subfield>
  </datafield>
  <datafield tag="245" ind1="1" ind2="0">
    <subfield code="a">Symposium la internacional cuir :</subfield>
    <subfield code="b">la indecencia y el futuro de la teolog&#xED;a /</subfield>
    <subfield code="c">Carlos Motta ;  Museo de Arte Latinoamericano de Buenos Aires (MALBA).</subfield>
  </datafield>
  <datafield tag="246" ind1="0" ind2="3">
    <subfield code="a">Requiem .</subfield>
  </datafield>
  <datafield tag="250" ind1=" " ind2=" ">
    <subfield code="a">1a edici&#xF3;n.</subfield>
  </datafield>
  <datafield tag="260" ind1=" " ind2=" ">
    <subfield code="a">Buenos Aires, Argentina :</subfield>
    <subfield code="b">MALBA,</subfield>
    <subfield code="c">2016.</subfield>
  </datafield>
  <datafield tag="300" ind1=" " ind2=" ">
    <subfield code="a">26 p&#xE1;ginas :</subfield>
    <subfield code="b">ilustraciones.</subfield>
  </datafield>
  <datafield tag="500" ind1=" " ind2=" ">
    <subfield code="a">Simposio cont&#xF3; con la participaci&#xF3;n de los te&#xF3;logos  Linn Tonstad, Hugo C&#xF3;rdoba-Quero, los artistas Ron Athey, Cecilia Campuzano y el acad&#xE9;mico Javier Sa&#xE9;nz, realizado el 15 y 19 de octubre, y 4 de noviembre, en el Museo de Arte Latinoamericano de Buenos Aires (MALBA).</subfield>
  </datafield>
  <datafield tag="500" ind1=" " ind2=" ">
    <subfield code="a">Requiem es una coproducci&#xF3;n y Associazione Culturale Dello Scompiglio, en colaboraci&#xF3;n de la te&#xF3;loga Linn Tonstad, los performances Stefano Laforgia y Andrea Ropes, el cantate Ernesto Tomasini por la comisi&#xF3;n de Angel Moya Garc&#xED;a y Eugenio Viola; curadur&#xED;a por Agust&#xED;n P&#xE9;rez-Rubio.</subfield>
  </datafield>
  <datafield tag="500" ind1=" " ind2=" ">
    <subfield code="a">Requiem es una coproducci&#xF3;n y Associazione Culturale Dello Scompiglio, en colaboraci&#xF3;n de la te&#xF3;loga</subfield>
  </datafield>
  <datafield tag="653" ind1="1" ind2="0">
    <subfield code="a">Arte contempor&#xE1;neo</subfield>
  </datafield>
  <datafield tag="653" ind1="1" ind2="0">
    <subfield code="a">Arte - Simposios</subfield>
  </datafield>
  <datafield tag="653" ind1="1" ind2="0">
    <subfield code="a">Teolog&#xED;a</subfield>
  </datafield>
  <datafield tag="653" ind1="1" ind2="0">
    <subfield code="a">Arte - Investigaci&#xF3;n</subfield>
  </datafield>
  <datafield tag="653" ind1="1" ind2="0">
    <subfield code="a">Performance</subfield>
  </datafield>
  <datafield tag="653" ind1="1" ind2="0">
    <subfield code="a">Diferencias sexuales</subfield>
  </datafield>
  <datafield tag="653" ind1="1" ind2="0">
    <subfield code="a">G&#xE9;nero</subfield>
  </datafield>
  <datafield tag="710" ind1="1" ind2=" ">
    <subfield code="a"> Museo de Arte Latinoamericano de Buenos Aires (MALBA).</subfield>
    <subfield code="9">5850</subfield>
  </datafield>
  <datafield tag="999" ind1=" " ind2=" ">
    <subfield code="c">1218</subfield>
    <subfield code="d">1218</subfield>
  </datafield>
  <datafield tag="952" ind1=" " ind2=" ">
    <subfield code="0">0</subfield>
    <subfield code="1">0</subfield>
    <subfield code="2">ddc</subfield>
    <subfield code="4">0</subfield>
    <subfield code="7">0</subfield>
    <subfield code="a">LV</subfield>
    <subfield code="b">LV</subfield>
    <subfield code="c">Monograf&#xED;as</subfield>
    <subfield code="d">2017-07-05</subfield>
    <subfield code="l">1</subfield>
    <subfield code="o">707 M921s</subfield>
    <subfield code="p">004331</subfield>
    <subfield code="r">2018-08-04 00:00:00</subfield>
    <subfield code="s">2018-06-22</subfield>
    <subfield code="w">2017-07-05</subfield>
    <subfield code="y">01</subfield>
  </datafield>
</record>
